000 01322cam a2200229 4500
001 WB3810-23
008 020312n2002 000 0 eng u
035 _a(Sirsi) u117114
245 _aRectification
260 _c2002
490 _aEstates Gazette
_v[2002] 10 EG 155(CS) (09/03/02)
520 _a"Malory Enterprises Ltd v Cheshire Homes (UK) Ltd and another" CA 22 February 2002. Respondent M Ltd sought rectification of the register under the Land Registration Act 1925 s82 after a company of the same name had obtained the land certificate by deception and had sold the land to appellant C. HC had granted full rectification to M with retrospective effect making C liable for trespass and confirming M as benefical owner. C appealed accepting rectification order but sought to avoid liability for trespass also claiming to be the beneficial owner. CA allowed appeal in part. CA upheld M's right of possession as beneficial owner but ruled that there was no jurisdiction to order retrospective rectification.
590 _aWB
650 _aRECTIFICATION
650 _aLAND REGISTRATION ACT 1925 S82
650 _aDECEPTION
650 _aBENEFICIAL OWNERSHIP
650 _aTRESPASS
650 _aMALORY ENTERPRISES LTD V CHESHIRE HOMES (UK) LTD
690 _aPROPERTY AND LAND LAW-CASE LAW
942 _n0
999 _c69769
_d69769